009160000a22002650004500003001100000005001700011008004100028020001500069040003900084041000800123082001700131100003300148245009600181260006000277300002500337490003200362650003000394650004200424700002600466700001800492700002800510942000700538952009200545999001300637LK-CoMWRAF20231207143907.0230817t1996 ||||| |||| 00| 0 eng d a9555800111 aLK-CoMWRAFdLK-CoMWRAFeLK-CoMWRAF aeng a306.449bGUN a Gunasekera, R. G. G. Olcott aNational language policy in Sri Lanka, 1956 to 1996 : bthree studies in its implementation a Kandy:bInternational Centre for Ethnic Studies,c1996 a vi, 141 p. ; 26 cm. aICES Occasional papers v6 aLANGUAGE POLICY-Sri Lanka aSinhalese language- Political aspects ySamarasinghe, S. G.  aVamadevan, M. aDharmadasa,, K.N.Oeed. cBK 00104070aMAINbMAINd2023-08-17l0o306.449 GUNpRAF4042r2023-08-17w2023-08-17yBK c713d713